|
|
|
|
| LEADER |
00612cam a2200217 a 4500 |
| 001 |
0000054740 |
| 005 |
20010724090000.0 |
| 040 |
|
|
|a mod
|
| 041 |
|
|
|a eng
|
| 020 |
0 |
0 |
|a 8126104562
|
| 090 |
0 |
0 |
|a 382
|b BHA
|
| 100 |
1 |
0 |
|a Bhalla
|h V. K
|
| 245 |
1 |
0 |
|a International business
|b environment and management
|c V.K. Bhalla and S. Shivaramu
|
| 250 |
0 |
0 |
|a 3rd. rev. ed
|
| 260 |
0 |
0 |
|a New Delhi
|b Anmol Publ.
|c 2000
|
| 300 |
0 |
0 |
|a xii, 783p.
|c 24cm
|
| 650 |
0 |
0 |
|a International trade
|
| 650 |
0 |
0 |
|a Commerce
|
| 700 |
1 |
1 |
|a Shivaramu
|h S
|
| 852 |
0 |
0 |
|a 01
|
| 999 |
|
|
|a 0172006
|b KEMENTAH
|d BOOKS
|e Rujukan
|f Perpustakaan KEMENTAH
|j AVAILABLE
|q GOOD CONDITION
|